000 00839nas a2200289 4500
001 BR0706248
003 BR-BrBNA
005 20231205111305.0
007 ta
008 230509b bl.|||p| |||| 00| 00por d
040 _aBR-BrBNA
_bpor
_cBiblioteca Nacional de Agricultura
041 _a(Pt)
072 _aL70; L73
100 1 _aCardoso, M.J.L.
100 1 _aCosta, F.S.
100 1 _aMuniz, L.M.R.
100 1 _aZalith, A.C.A.
100 1 _aPadovani, C.R.S.
100 1 _aAragon, F.F.
245 1 _aManifestações clínicas em gatos com hipertireodismo experimental
650 _aGATO
650 _aTIREÓIDE
650 _aDOENÇA ANIMAL
773 0 _tArchives of Veterinary Science (Brazil)
_xISSN 1517-784X
_g(2005), v. 10(2) p. 135-144
_wBR0706248
909 _a202311
_bLúcia
_c55
_dLúcia Elande
942 _2AGRIS
_n0
_cANA
999 _c191858
_d191858